[Event "Vladimir Bato Kontic Memorial 2021"]
[Site "Niksic"]
[Date "2021.04.17"]
[Round "2.1"]
[White "Bogosavljevic, Boban"]
[Black "Draskovic, Luka"]
[Result "1/2-1/2"]
[WhiteElo "2523"]
[BlackElo "2472"]
[Annotator "TA"]
[PlyCount "135"]
[EventDate "2021.04.17"]
[EventType "swiss"]
[EventCountry "MNE"]
[SourceTitle "playchess.com"]
[Source "ChessBase"]
[SourceQuality "1"]

{[%evp 18,135,24,12,22,25,14,-2,76,71,62,82,79,30,79,84,58,46,94,67,78,66,84,84,83,88,79,21,16,30,26,29,37,40,41,39,36,57,70,73,66,64,108,108,102,87,87,88,131,88,85,35,52,84,118,116,239,255,510,509,730,727,629,629,469,0,268,114,114,114,114,114,114,114,114,114,114,114,114,0,0,0,0,0,0,0,0,0,0,0,0,0,0,0,0,0,0,0,0,0,0,0,0,0,0,0,0,0,0,0,0,0,0,0,0,0,0,0,0,0]} 1. Nf3 Nf6 2. c4 g6 3. g3 Bg7 4. Bg2 O-O 5. O-O d6 6. d4 Nc6 7. Nc3 e5 8. dxe5 dxe5 $1 {8...dxe5 scores better than 8...Nxe5.} 9. Bg5 Be6 10. Qa4 Qc8 {E62: King's Indian: Fianchetto: 6...c6 and Panno Variation (6...Nc6) without ...a6.} 11. Bxf6 Bxf6 12. Nd2 {[#]} Ne7 $146 (12... Bd7 $11) ({Predecessor:} 12... Bd7 13. Nde4 Bg7 14. Nc5 Be8 15. Rad1 Rb8 16. b4 a6 17. Nd5 Kh8 18. e3 Nd4 {1-0 (36) Dang,H (2350)-Perez Ponsa,F (2554) Chess.com INT 2021}) 13. Nde4 $16 Bg7 14. Nc5 c6 15. Qb4 b6 16. Nxe6 Qxe6 17. Rad1 Rfd8 18. e3 f5 19. c5 bxc5 20. Qxc5 e4 21. Rxd8+ Rxd8 22. Rc1 (22. Qxa7 $16 Kf7 23. Rb1) 22... Rd7 $11 23. Bf1 Qe5 24. Qc4+ Kh8 25. Qf7 {[#] Strongly threatening Qe8+.} Qb8 26. Rd1 Rxd1 27. Nxd1 Qf8 28. Qe6 Qd8 29. Nc3 h5 30. h4 Kh7 31. Ne2 Nd5 32. Qxc6 Nb4 33. Qb7 Qb6 34. Qf7 Nd3 35. Nd4 $1 {[%cal Rd4e6]} Qxb2 36. Be2 {And now Ne6 would win.} Qa1+ (36... f4 $16 37. gxf4 Nxf4 38. Qxf4 Bxd4) 37. Kg2 $18 Ne5 $2 (37... Ne1+ {is a better defense.} 38. Kh2 Qb2) 38. Qxa7 Kh6 39. Ne6 {[%csl Ge6][%cal Ra7g7]} ({Less strong is} 39. Qe7 Nf3 $18) 39... Bf6 40. Nf8 {[%csl Gf8][%cal Ra7h7]} Bg7 41. Ne6 (41. Qe7 $142 {[%csl Gh4][%cal Re7g5]} Nf3 {[%mdl 64] Decoy} 42. Bxf3 exf3+ 43. Kxf3 Qd1+ 44. Kg2 Qd5+ 45. Kh2 Bxf8 46. Qxf8+ Kh7 47. Qe7+ Kg8 48. a4) 41... Bf6 {intending ...Nf3.} 42. Qb8 (42. Nf4 $18) 42... Nf3 $16 43. Qf8+ Kh7 44. Qf7+ Kh6 {( -> ...Qg1+)} 45. Bxf3 exf3+ 46. Kxf3 {White threatens Nf4 and mate.} Qd1+ 47. Kg2 Qd5+ {[#]} 48. Kh2 ({Only move:} 48. Kg1 $1 $16 Qd1+ 49. Kh2) 48... Qxa2 $11 {The position is equal.} 49. Kg1 (49. Qf8+ {keeps more tension.} Kh7 50. Qxf6 Qxf2+ 51. Kh3 Qf1+ 52. Kh2) 49... Qa1+ 50. Kg2 Qa8+ $1 51. e4 (51. f3 {is interesting.} Qa2+ 52. Kh3 Qa1 53. Qf8+ Kh7 54. Ng5+) 51... Qxe4+ 52. Kh2 Qc2 53. Qa7 Qe4 54. Qa2 Qe5 55. Qd2+ Kh7 $1 56. Qd7+ Kh6 $1 57. Qf7 Bg7 58. Qg8 {Ng5 would kill now.} Qb2 59. Kh3 {Threatening mate with Ng5.} Qb7 {[%cal Rb7h1]} 60. f3 Qd7 61. Ng5 {[%csl Gg5][%cal Rg8h7]} f4+ $1 62. Ne6 fxg3 63. Kxg3 Qd6+ 64. Kg2 {[%csl Ge6][%cal Rg8g7]} Qd2+ 65. Kh3 {[%csl Ge6][%cal Rg8g7]} Qd7 66. Kg2 Qd2+ 67. Kh3 {[%csl Ge6][%cal Rg8g7]} Qd7 68. Kg2 {White really could win this.  Weighted Error Value: White=0.25/Black=0.15} 1/2-1/2

[Event "Vladimir Bato Kontic Memorial 2021"]
[Site "Niksic"]
[Date "2021.04.17"]
[Round "2.3"]
[White "Nikcevic, Nebojsa"]
[Black "Djukic, Nikola"]
[Result "1/2-1/2"]
[WhiteElo "2393"]
[BlackElo "2515"]
[Annotator "TA"]
[PlyCount "40"]
[EventDate "2021.04.17"]
[EventType "swiss"]
[EventCountry "MNE"]
[SourceTitle "playchess.com"]
[Source "ChessBase"]
[SourceQuality "1"]

{[%evp 21,23,-6,12,0]} 1. Nf3 Nf6 2. c4 e6 3. d4 b6 4. Nc3 Bb7 5. Bg5 Be7 6. e3 h6 7. Bh4 Ne4 8. Bxe7 Qxe7 9. Nxe4 Bxe4 10. Be2 O-O 11. O-O d6 12. Nd2 {[#] A rather calm draw. E12: Queen's Indian: Unusual White 4th moves, 4 a3, 4 Nc3 Bb7 5 a3 and 4 Nc3 Bb7 .} {Predecessor:} Bb7 $146 13. Bf3 c6 14. b4 Nd7 15. b5 Rfc8 16. a4 d5 17. bxc6 Bxc6 18. cxd5 Bxd5 19. Bxd5 exd5 20. Qb3 Nf6 {0-1 (50) Laznicka,V (2648)-Zhigalko,S (2571) Moscow 2019} 1/2-1/2

[Event "Vladimir Bato Kontic Memorial 2021"]
[Site "Niksic"]
[Date "2021.04.17"]
[Round "2.4"]
[White "Dardha, Daniel"]
[Black "Sahin, Ozgun"]
[Result "1-0"]
[WhiteElo "2516"]
[BlackElo "2281"]
[Annotator "TA"]
[PlyCount "161"]
[EventDate "2021.04.17"]
[EventType "swiss"]
[EventCountry "MNE"]
[SourceTitle "playchess.com"]
[Source "ChessBase"]
[SourceQuality "1"]

{[%evp 9,161,7,19,28,18,15,55,54,49,62,64,48,38,46,35,25,31,36,29,36,62,24,20,12,36,55,59,64,58,0,118,127,201,189,189,189,193,156,172,167,184,159,161,126,127,125,164,146,160,133,144,155,159,121,128,139,150,140,143,142,146,146,148,150,167,170,161,154,156,154,153,135,154,149,166,160,168,160,175,169,227,197,202,198,227,227,227,220,207,217,250,250,245,224,221,204,215,215,272,272,272,269,265,254,259,254,254,251,278,267,344,267,694,679,637,441,662,662,532,586,492,435,382,342,495,488,29965,29966,29969,29969,29971,29971,29973,29975,29975,29972,29976,29977,29977,29978,29978,29979,29979,29980,29981,29982,29982,29983,29983,29984,29985,29986,29987,29988]} 1. e4 c5 2. Nf3 Nc6 3. Bb5 g6 4. Bxc6 bxc6 5. d4 Bg7 6. dxc5 {B31: Sicilian: 2...Nc6 3 Bb5 g6.} Qa5+ 7. Nbd2 Ba6 8. Rb1 {White is slightly better.} Qxc5 9. c4 Nf6 (9... Bxc4 $2 10. Qc2 $18) 10. b4 Qb6 11. Bb2 O-O 12. Bd4 Qc7 13. O-O d6 14. e5 {[#]} Nd7 $146 {[%cal Rd6e5]} ({Predecessor:} 14... dxe5 15. Bxe5 Qc8 16. Qc2 c5 17. b5 Bb7 18. Rfe1 Qg4 19. h3 Qh5 20. Rb3 Qf5 21. Qxf5 gxf5 {1-0 (33) Santos Latasa,J (2546)-Luch,M (2396) Lisbon 2018}) 15. e6 {Hoping for Bxg7.} Bxd4 16. Nxd4 (16. exd7 Bf6 $17) 16... c5 17. exf7+ ({But not} 17. exd7 cxd4 18. Qa4 (18. b5 Bb7 $17) 18... Bb7 $15) 17... Rxf7 18. Ne6 Qc8 19. Qe2 ({White should try} 19. b5 $14 Bb7 20. Qe2) 19... Ne5 {[#]} (19... Rf5 $1 $11 20. b5 Bxb5) 20. Nxc5 $1 $16 {[%mdl 512]} Bxc4 (20... dxc5 21. Qxe5) 21. Nxc4 $18 Nxc4 22. Qxc4 dxc5 23. Rbc1 ({Don't take} 23. Qxc5 $6 Qxc5 24. bxc5 Rc8 $16) 23... Kg7 24. Qe4 c4 25. Rxc4 Qa6 26. Rc7 Rd8 27. Qc2 Qb6 28. Qc3+ Kg8 29. Rc5 Qe6 30. a3 Qe2 {( -> ...Qxf2+!)} 31. Rc8 Rxc8 32. Qxc8+ $16 {[%mdl 4096] Endgame KQR-KQR} Kg7 33. Qc3+ Rf6 34. f3 {Strongly threatening Re1.} Kf7 35. Re1 Qa2 36. Re4 Qb1+ 37. Kf2 Qa2+ 38. Re2 Qd5 39. Qe3 $36 {[%mdl 2048] White is on the roll.} Qb7 40. h3 Qd7 41. Qe5 a6 42. Qc5 Qb7 43. Rd2 Kg7 44. Rd8 h5 (44... Qe4 $142 45. Rd4 Qe6) 45. Rc8 Qd7 46. Kg3 Kf7 47. Qc4+ Re6 48. Rc7 Qd6+ 49. Qf4+ $1 Rf6 50. Qxd6 Rxd6 $18 {KR-KR} 51. Ra7 Kf6 52. Kf4 g5+ 53. Ke3 h4 54. Rc7 e6 55. Rc5 Kg6 56. a4 Kf6 57. Rc8 Rd1 58. a5 Re1+ 59. Kd3 Rd1+ 60. Kc2 $1 {[%cal Rc2d1]} Ra1 (60... Rg1 61. b5 axb5) 61. Kb2 Rd1 62. Rb8 Rd2+ (62... Ke5 $142 63. b5 axb5) 63. Kb3 Rd3+ 64. Kc4 Rd2 65. b5 axb5+ 66. Rxb5 {Threatens to win with Kc5.} Rxg2 {[#]} (66... Ke7 {might work better.} 67. Rxg5 Kd6) 67. Rb4 $1 Ra2 (67... Ke7 $18 68. a6 Kd7) 68. Kb5 {White mates.} Ra3 69. a6 Ke5 70. Kb6 Rxf3 71. a7 Rf8 72. Ka6 Ra8 73. Kb7 Rf8 74. a8=Q Rxa8 75. Kxa8 {KR-K3P} Kf5 76. Kb7 e5 {[#]} 77. Kc6 $1 e4 78. Kd5 e3 79. Re4 e2 80. Rxe2 Kf4 81. Rg2 {Weighted Error Value: White=0.08/Black=0.22} 1-0

[Event "Vladimir Bato Kontic Memorial 2021"]
[Site "Niksic"]
[Date "2021.04.17"]
[Round "2.5"]
[White "Kisic, Bozidar"]
[Black "Basso, Pier Luigi"]
[Result "1-0"]
[WhiteElo "2263"]
[BlackElo "2552"]
[Annotator "TA"]
[PlyCount "57"]
[EventDate "2021.04.17"]
[EventType "swiss"]
[EventCountry "MNE"]
[SourceTitle "playchess.com"]
[Source "ChessBase"]
[SourceQuality "1"]

{[%evp 9,57,5,27,-3,22,11,16,14,19,11,13,10,10,0,10,0,0,-11,-15,-12,0,0,0,0,33,0,0,0,0,-122,856,984,970,968,972,962,964,963,926,926,918,917,889,683,861,878,985,963,1050,543]} 1. d4 d5 2. c4 c6 3. cxd5 cxd5 4. Bg5 h6 5. Bh4 Qb6 6. Qd2 {D10: Slav Defence: 3 cxd5 (without early Nf3) and 3 Nc3.} e6 7. Nc3 Ne7 8. e3 {The position is equal.} Nf5 9. Bg3 {[#]} Nxg3 $146 ({Predecessor:} 9... Nc6 10. Bd3 Nxg3 11. hxg3 Bd7 12. Rc1 Bd6 13. Nf3 Qd8 14. g4 Qe7 15. Kf1 O-O-O {½-½ (103) Ali Marandi,C (2515)-Solak,D (2624) Kocaeli 2017}) 10. hxg3 Nc6 11. Nf3 Bd7 12. Be2 Bd6 13. O-O O-O 14. Rfc1 Na5 15. e4 dxe4 16. Nxe4 Bb4 {[#]} 17. Nf6+ $1 gxf6 18. Qxh6 {White threatens Bd3 and mate.} e5 {...e4 is the strong threat.} 19. Bd3 (19. a3 $1 $11 {was the only way to keep the balance.} Be7 20. b4) 19... e4 $4 {[%mdl 8192] This move loses the game for Black.} (19... f5 $17 20. Qg5+ Qg6 21. Qxg6+ fxg6) 20. Bxe4 $18 {[%csl Ge4][%cal Rh6h7] White is clearly winning.} f5 {[#]} 21. Rc6 $3 {[%mdl 512] White wants to mate with Ng5.} fxe4 22. Rxb6 axb6 23. Ng5 {[%csl Gg5][%cal Rh6h7]} Bf5 24. g4 Bg6 {[#]} 25. Ne6 $1 {[%mdl 576] Deflection} fxe6 26. Qxg6+ {[%mdl 64] Double Attack} Kh8 27. g3 {Kg2 would kill now.} e3 28. fxe3 {Threatening mate with Kg2.} Nc4 29. Qh6+ {Weighted Error Value: White=0.19/Black=0.11} 1-0

[Event "Vladimir Bato Kontic Memorial 2021"]
[Site "Niksic"]
[Date "2021.04.17"]
[Round "2.6"]
[White "Niemann, Hans Moke"]
[Black "Potpara, Nikola"]
[Result "1/2-1/2"]
[WhiteElo "2508"]
[BlackElo "2370"]
[Annotator "TA"]
[PlyCount "118"]
[EventDate "2021.04.17"]
[EventType "swiss"]
[EventCountry "MNE"]
[SourceTitle "playchess.com"]
[Source "ChessBase"]
[SourceQuality "1"]

{[%evp 13,118,38,41,47,47,47,44,46,49,28,39,39,117,11,5,7,9,-7,0,0,9,-14,-14,-8,-10,-14,59,55,67,61,66,59,85,73,89,70,69,69,78,69,73,75,108,97,99,72,127,113,115,122,132,121,139,145,153,137,131,97,331,129,746,721,579,93,93,93,93,93,91,80,79,78,80,0,0,-8,0,0,41,41,41,41,41,41,41,41,41,41,41,41,41,8,41,41,8,0,41,41,41,8,47,41,48,0,48,0,48]} 1. d4 Nf6 2. c4 e6 3. Nc3 Bb4 4. e3 d6 5. Bd3 c5 6. Nge2 Nc6 7. O-O O-O 8. a3 {E41: Nimzo-Indian: Rubinstein: 4...c5 5 Bd3, including Hübner Variation.} Ba5 9. Qc2 h6 10. Rd1 {White is slightly better.} Qe7 11. b3 {[#]} Bd7 $146 ({Predecessor:} 11... Bb6 12. Na4 Bc7 13. Bb2 e5 14. dxe5 dxe5 15. Ng3 Rd8 16. Nc3 Be6 17. Nge4 Ng4 {1-0 (27) Kagan,S-Kraidman,Y Nathanya 1971}) 12. Bb2 Rac8 {[#]} (12... cxd4 $14 13. Nxd4 Nxd4 14. exd4 Rac8) 13. Ne4 (13. d5 $1 $16 {[%cal Rd5c6]}) 13... Nxe4 $11 14. Bxe4 cxd4 15. exd4 d5 16. Bf3 ({Wrong is} 16. cxd5 $2 exd5 17. Bh7+ (17. Bxd5 $2 Nb4 $19 {[%mdl 64] Discovered Attack}) 17... Kh8 $19) 16... Bc7 17. Ng3 dxc4 18. bxc4 Na5 19. c5 Bxg3 ({Black should try} 19... b6 $11) 20. hxg3 $14 b6 21. Bc3 Bc6 22. Qb2 {Hoping for d5.} Nc4 23. Qb4 Bd5 {[%cal Rb6c5]} 24. Bxd5 exd5 25. cxb6 Qb7 26. bxa7 Qxa7 27. Qb3 Rfe8 28. a4 Re2 29. Qb5 Qa8 (29... Rc2 $142) 30. a5 Rb8 31. Qd7 Rd8 32. Qf5 Qa6 33. Re1 Rxe1+ 34. Rxe1 Qc6 35. Bb4 g6 $2 {[#]} (35... Rb8 $16 36. Bc5 Nxa5) 36. Qf4 $2 (36. Qf3 $1 $18 {Strongly threatening Re7.} Rd7 37. Re8+ Kh7 38. Qf4) 36... Re8 {[%mdl 8192]} (36... g5 $16 37. Qf3 Rb8) 37. Rxe8+ $18 Qxe8 38. a6 $2 (38. Qxh6 $18 Nxa5 39. Bxa5) 38... Qa4 $16 {[#]} 39. a7 $1 Qxa7 40. Qxh6 Qb8 41. Be7 Qb1+ 42. Kh2 {White threatens Bf6 and mate.} Qf5 43. g4 (43. Qf8+ $16 Kh7 44. f3) 43... Qxf2 $11 44. Qf8+ Kh7 {( -> ...Ne3!)} 45. Bg5 Qxd4 {White must now prevent ...Ne5.} (45... Na5 {seems wilder.} 46. Kh3 Nc6 47. Qe8 Nxd4 48. Be3 Qf6) 46. Qxf7+ Qg7 47. Qxd5 Qe5+ 48. Qxe5 Nxe5 $14 {[%mdl 4096] Endgame KB-KN} 49. Kg3 Kg7 50. Kf4 Nd7 51. Ke4 Kf7 52. Kd5 Nf8 (52... Nf6+ {looks sharper.} 53. Kd4 Nxg4 54. Ke4 Nf2+ 55. Ke3 Ng4+) 53. Ke5 Nd7+ 54. Kd5 Nf8 55. Bh6 {White wants to mate with Bxf8.} Ne6 56. Kd6 Nd4 57. Be3 Ne6 58. Bh6 Nd4 59. Be3 Ne6 {Blacks defense is rewarded with a draw.  Weighted Error Value: White=0.30/Black=0.16} 1/2-1/2

[Event "Vladimir Bato Kontic Memorial 2021"]
[Site "Niksic"]
[Date "2021.04.17"]
[Round "2.7"]
[White "Krivokapic, Marko"]
[Black "Kalezic, Blazo"]
[Result "1/2-1/2"]
[WhiteElo "2380"]
[BlackElo "2456"]
[Annotator "TA"]
[PlyCount "38"]
[EventDate "2021.04.17"]
[EventType "swiss"]
[EventCountry "MNE"]
[SourceTitle "playchess.com"]
[Source "ChessBase"]
[SourceQuality "1"]

{[%evp 12,38,41,35,37,40,39,22,37,27,25,16,32,16,22,1,8,10,12,13,27,0,8,9,28,24,18,9,17]} 1. e4 e6 2. d4 d5 3. Nd2 a6 4. Bd3 c5 5. dxc5 Bxc5 6. Ngf3 Nf6 7. O-O dxe4 {C07: French Tarrasch: 3...c5, 4 Ngf3 and 4 exd5 Qxd5.} 8. Nxe4 Nxe4 9. Bxe4 Qc7 {[#]} 10. a3 $146 ({Predecessor:} 10. b3 Nd7 11. c4 Nf6 12. Bc2 b6 13. Bb2 Bb7 14. Ne5 h5 15. h3 h4 16. a3 {½-½ (24) Paavilainen,J (2315)-Lehtivaara,R Espoo 1985}) 10... Nd7 11. Qe2 O-O 12. b4 Be7 13. Bb2 Bf6 14. Bxf6 Nxf6 15. c4 Bd7 16. Ne5 Ba4 17. Bf3 Rad8 18. Rac1 Nd7 19. Rfe1 b6 {Weighted Error Value: White=0.06/Black=0.07} 1/2-1/2

[Event "Vladimir Bato Kontic Memorial 2021"]
[Site "Niksic"]
[Date "2021.04.17"]
[Round "2.8"]
[White "Sanal, Vahap"]
[Black "Nikac, Predrag"]
[Result "1-0"]
[WhiteElo "2572"]
[BlackElo "2318"]
[Annotator "TA"]
[PlyCount "55"]
[EventDate "2021.04.17"]
[EventType "swiss"]
[EventCountry "MNE"]
[SourceTitle "playchess.com"]
[Source "ChessBase"]
[SourceQuality "1"]

{[%evp 9,55,41,29,35,31,18,31,36,41,0,0,0,0,-6,0,0,23,0,0,0,0,0,0,0,16,0,0,0,72,73,75,88,58,55,313,311,1218,1217,1210,1226,1071,1075,29981,29983,29983,29984,29983,29985]} 1. d4 f5 2. c4 Nf6 3. Nc3 d6 4. Bg5 Nbd7 5. Qc2 g6 6. e3 {A85: Dutch Defence: 2 c4 Nf6 3 Nc3.} Bg7 7. h4 h6 8. Bxf6 {White is slightly better.} Nxf6 9. Nh3 e5 10. O-O-O {Black must now prevent dxe5.} Qe7 11. c5 O-O ({Not} 11... dxc5 $2 12. dxe5 Ne4 13. Nxe4 $18) 12. Bc4+ {[#]} Kh8 $146 ({Predecessor:} 12... Be6 13. Bxe6+ Qxe6 14. f3 dxc5 15. dxc5 Rfd8 16. Nf2 Rd7 17. e4 Rad8 18. Qa4 a6 {1-0 (99) Dreev,A (2677)-Sethuraman,S (2638) Moscow 2019}) 13. Qb3 b6 14. Nd5 Nxd5 15. Bxd5 Rb8 16. c6 b5 {[#]} 17. Ng5 $1 Bf6 18. f4 Bxg5 (18... Kg7 $11) 19. hxg5 $16 h5 20. dxe5 dxe5 21. Bf3 {Strongly threatening Bxh5!} Kg7 $2 {[%mdl 8192] [#] Loses the game.} (21... Be6 $14 22. Qc3 Qg7) 22. Rd5 $1 $18 {[%cal Rd5e5]} e4 (22... Be6) 23. Bxh5 Rh8 24. Qc3+ Kg8 {[#]} 25. Rhd1 $1 {White wants to mate with Rd8+.} Rxh5 (25... Be6 26. Rd7) 26. Rd8+ {White mates.} Kf7 {[#]} 27. Rxc8 $1 {[%mdl 512]} Rxc8 28. Rd7 {Weighted Error Value: White=0.05/Black=0.58} 1-0

[Event "Vladimir Bato Kontic Memorial 2021"]
[Site "Niksic"]
[Date "2021.04.17"]
[Round "2.9"]
[White "Plenca, Jadranko"]
[Black "Injac, Teodora"]
[Result "1/2-1/2"]
[WhiteElo "2472"]
[BlackElo "2340"]
[Annotator "TA"]
[PlyCount "132"]
[EventDate "2021.04.17"]
[EventType "swiss"]
[EventCountry "MNE"]
[SourceTitle "playchess.com"]
[Source "ChessBase"]
[SourceQuality "1"]

{[%evp 11,132,12,8,12,14,12,20,13,13,9,14,17,19,0,6,4,3,4,16,14,0,0,0,0,0,0,0,0,0,0,0,0,13,16,18,0,0,0,31,29,50,18,42,21,62,53,61,54,54,64,85,84,85,87,83,81,83,72,89,85,87,83,95,93,103,97,110,116,160,169,187,182,208,208,208,155,208,193,193,85,85,85,140,85,85,57,125,125,125,85,85,85,85,85,85,85,85,85,85,10,125,118,125,125,125,125,125,125,169,169,169,169,169,169,169,169,169,108,108,110,123,123,123]} 1. e4 c5 2. Nf3 d6 3. Bb5+ Nd7 4. d4 cxd4 5. Qxd4 a6 6. Bxd7+ Bxd7 7. c4 {B51: Sicilian: Moscow Variation (3 Bb5+) without 3...Bd7.} e5 8. Qd3 b5 9. Nc3 {[%cal Rc4b5] The position is equal.} bxc4 10. Qxc4 Be6 11. Qa4+ Bd7 12. Qc4 Be6 13. Qd3 h6 {The old main line.} 14. O-O Nf6 15. Rd1 Be7 16. Ne1 O-O 17. Nc2 Qd7 18. Ne3 Rfc8 19. b3 Bd8 20. Ba3 Bb6 21. Rac1 {[#]} Qa7 $146 ({Predecessor:} 21... Bd4 22. Ne2 Rxc1 23. Rxc1 Qb5 24. Nc4 Ba7 25. Nc3 Bxc4 26. Qxd6 Nxe4 27. Nxe4 Be6 28. Bc5 Rc8 29. Qxe5 {½-½ (29) Tocklin,T (2316)-Fagerstrom,M (2281) ICCF email 2018}) 22. h3 Bd4 23. Bxd6 Rd8 24. Ba3 Rd7 25. Qe2 Rad8 26. Bb2 Qb7 27. Qf3 (27. Nf1 {feels hotter.} Qb4 28. Ng3 Qa5 29. Rc2 Rc8 30. Qf3) 27... Bxc3 28. Bxc3 Rxd1+ 29. Rxd1 Rxd1+ 30. Nxd1 Qxe4 31. Qxe4 Nxe4 32. Bxe5 $11 {[%mdl 4096] Endgame KBN-KBN} f6 33. Bd4 Kf7 34. Nb2 Ke8 35. f3 Nd6 36. Na4 Nb7 37. Kf2 Kd7 38. Bb2 Kc6 39. Ba3 h5 40. Bf8 g6 41. Be7 f5 42. Ke3 Kd7 43. Bb4 Bf7 (43... g5 $16 44. Kd4 Ke8) 44. Kd4 $18 Ke6 45. Nc5+ (45. Bd2 $18 {is more deadly.}) 45... Nxc5 $16 46. Kxc5 {KB-KB} Ke5 {[#]} (46... Be8 $142) 47. Bd2 (47. Kb6 $142 $1) 47... Be8 48. a4 Bd7 (48... f4 $1 $14) 49. Kb6 Be6 50. b4 Bc4 51. g3 Be2 52. h4 Kd5 53. f4 Kd6 54. b5 axb5 55. a5 (55. axb5 $16 Bd3 56. Be3) 55... Bf3 (55... Kd5 $1 $11 {keeps the balance.}) 56. a6 {[%cal Ba5a6,Ba6a7][%mdl 32]} Kd7 57. Kxb5 Kc7 58. Ba5+ Kb8 59. Kb6 Ka8 60. a7 Be4 61. Bc3 Bf3 62. Be5 Be2 63. Bb8 Bf3 64. Kc7 ({Better is} 64. Bd6 $18) 64... Be2 {White is better.} 65. Kd6 Kb7 66. Ke5 Bg4 {Weighted Error Value: White=0.10/Black=0.13} 1/2-1/2

[Event "Vladimir Bato Kontic Memorial 2021"]
[Site "Niksic"]
[Date "2021.04.17"]
[Round "2.10"]
[White "Sukovic, Andrej"]
[Black "Runic, Zoran"]
[Result "0-1"]
[WhiteElo "2283"]
[BlackElo "2378"]
[Annotator "TA"]
[PlyCount "74"]
[EventDate "2021.04.17"]
[EventType "swiss"]
[EventCountry "MNE"]
[SourceTitle "playchess.com"]
[Source "ChessBase"]
[SourceQuality "1"]

{[%evp 9,74,-11,28,8,12,4,64,60,58,58,67,36,91,97,104,91,105,74,81,79,94,60,68,-60,-55,-74,-11,-54,51,-2,29,-57,-48,-61,-55,-93,-97,-125,-68,-47,-39,-247,-252,-231,-230,-233,-255,-238,-235,-258,-250,-247,-233,-229,-247,-217,-232,-243,-214,-232,-238,-407,-398,-457,-457,-1294,-1366]} 1. e4 d6 2. d4 Nf6 3. Nc3 e5 4. Nf3 Nbd7 5. g4 h6 6. h3 {C41: Philidor Defence.} c6 7. a4 {[#]} Qe7 $146 (7... Be7 $11) ({Predecessor:} 7... Qc7 8. Bc4 Nb6 9. Ba2 Be6 10. Bxe6 fxe6 11. dxe5 dxe5 12. a5 Nbd7 13. g5 Ng8 {1-0 (29) Dastan,B (2474)-Mencinger,V (2352) Nova Gorica 2016}) 8. Bg2 $14 {White is slightly better.} g6 9. Be3 Bg7 10. Qe2 h5 (10... O-O $14) 11. g5 $16 Nh7 12. d5 O-O 13. O-O-O c5 14. Rdg1 Nb8 15. Bf1 a6 16. a5 (16. Nd2 $14) 16... Qc7 17. Nh4 Re8 ({Black should play} 17... Qxa5 $17 18. Kb1 Qc7) 18. Qd1 Nd7 {[#]} (18... Qxa5 $15 19. Kb1 b5) 19. Be2 (19. Nf5 $1 $14) 19... Ndf8 20. Rg3 (20. Kb1 $11) 20... Qxa5 $15 21. Kb1 b5 $1 {[%cal Bb7b5,Bb5b4][%mdl 32]} 22. Rhg1 b4 23. Na2 Qc7 ({Black should try} 23... Rb8 $17) 24. Bxh5 a5 ({Much worse is} 24... gxh5 25. g6 $14) 25. Nf5 $2 {Loses the game.} gxf5 $19 ({Don't play} 25... Bxf5 26. exf5 gxh5 27. Qxh5 $17) 26. Bxf7+ Qxf7 27. g6 {[#]} Nxg6 28. Rxg6 {[#] aiming for Bh6.} f4 $1 {[%cal Rf4e3][%mdl 64] Discovered Attack} 29. Rxg7+ (29. Bd2 Nf6) 29... Qxg7 30. Rxg7+ Kxg7 31. Bxc5 dxc5 32. Qg1+ Kf7 33. f3 Bxh3 {Hoping for ...c4.} 34. Qxc5 Ng5 35. Nc1 $2 (35. Qf2 {is a better defense.}) 35... Nxf3 36. Nd3 Nd2+ 37. Kc1 {[#]} (37. Ka1 $142 Nxe4 38. Qc7+ Kf6 39. Qc6+ Kg5 40. Nxe5 Rxe5 41. Qxa8) 37... Nb3+ $1 {Weighted Error Value: White=0.52/Black=0.18} 0-1

[Event "Vladimir Bato Kontic Memorial 2021"]
[Site "Niksic"]
[Date "2021.04.17"]
[Round "2.11"]
[White "Tomic, Aleksandar"]
[Black "Miletic, Vuk"]
[Result "1-0"]
[WhiteElo "2377"]
[BlackElo "2254"]
[Annotator "ChessBase"]
[PlyCount "81"]
[EventDate "2021.04.17"]
[EventType "swiss"]
[EventCountry "MNE"]
[SourceTitle "playchess.com"]
[Source "ChessBase"]
[SourceQuality "1"]
[TimeControl "40/5400+30:1800+30"]

1. d4 e6 2. e4 d5 3. e5 c5 4. c3 Nc6 5. Nf3 Qb6 6. a3 c4 7. Be2 Na5 8. Nbd2 Bd7 9. O-O Ne7 10. Kh1 Nc8 11. Ng5 h6 12. Nh3 Qc7 13. f4 Nb6 14. g4 O-O-O 15. f5 Ba4 16. Qe1 Bc2 17. Qg3 Kb8 18. Nf4 Qd7 19. Ng2 Be7 20. Ne3 Ba4 21. Rb1 Ka8 22. Nf3 Nb3 23. Bd2 Bg5 24. h4 Nxd2 25. Nxd2 Bxe3 26. Qxe3 exf5 27. Qf4 g6 28. Rbc1 Qe7 29. gxf5 gxf5 30. Rg1 Bd7 31. Bd1 Be6 32. Bc2 Nc8 33. Nf3 Qd7 34. a4 h5 35. Rg7 Ne7 36. Rcg1 Ng6 37. R1xg6 fxg6 38. Rxd7 Rxd7 39. Ng5 Re7 40. Bd1 Bd7 41. a5 1-0